| 000 | 00599nam a2200229 a 4500 | ||
|---|---|---|---|
| 999 |
_c5148 _d5148 |
||
| 001 | 5148 | ||
| 003 | BD-JhCC | ||
| 005 | 20171209175205.0 | ||
| 008 | 171209s1971 e |||| || | 000 0 eng d | ||
| 035 | _a(BD-JhCC)5148 | ||
| 040 |
_aBD-JhCC _dBD-JhCC |
||
| 041 | _aeng | ||
| 082 |
_a338.911724 _bEPP 1971 |
||
| 100 | _aEppler, Erhard | ||
| 245 |
_aNot Much Time for the Third World / _cErhard Eppler, |
||
| 260 |
_aLondon : _bOswald Wolff, _c1971. |
||
| 300 |
_a143 p. : _c18 cm. |
||
| 650 |
_aTecnical Assistance _zGerman |
||
| 650 | _aDeveloping Country | ||
| 942 |
_2ddc _cBK |
||